000 00363nam a22001577a 4500
005 20180412150203.0
008 160511b xxu||||| |||| 00| 0 eng d
041 _aeng
082 _b1327
_a348
100 _aShukla TN
_9480
245 _aPayment of gratuity act 1972
260 _bKamal law house
_c2009
300 _a95
650 _aManagement
_9241
942 _cBK
999 _c590
_d590